Кафедра полезных ископаемых и геохимии редких элементов; 90 лет высшему геологическому образованию в Сибири и на Дальнем Востоке

Մատենագիտական մանրամասներ
Parent link:90 лет высшему геологическому образованию в Сибири и на Дальнем Востоке.— 1991.— С. 66-71
Հիմնական հեղինակ: Рихванов Л. П. Леонид Петрович
Լեզու:ռուսերեն
Հրապարակվել է: 1991
Խորագրեր:
Ձևաչափ: Գրքի գլուխ
KOHA link:https://koha.lib.tpu.ru/cgi-bin/koha/opac-detail.pl?biblionumber=173741

MARC

LEADER 00000naa2a2200000 4500
001 173741
005 20231031164519.0
035 |a (RuTPU)RU\TPU\book\188422 
090 |a 173741 
100 |a 20091230d1991 k y0rusy50 ca 
101 0 |a rus 
102 |a RU 
200 1 |a Кафедра полезных ископаемых и геохимии редких элементов  |f Л. П. Рихванов 
463 0 |0 (RuTPU)RU\TPU\book\150008  |t 90 лет высшему геологическому образованию в Сибири и на Дальнем Востоке  |o материалы к конференции, посвященной 90-летию начала подготовки геологических кадров в Сибири  |o сборник  |f Томский политехнический институт (ТПИ) ; отв. ред. С. Л. Шварцев  |v С. 66-71  |d 1991  |p 180 с. 
610 1 |a труды учёных ТПУ 
700 1 |a Рихванов  |b Л. П.  |c российский ученый, геолог  |c профессор Томского политехнического университета, доктор геолого-минералогических наук  |c заслуженный геолог РФ  |c почетный работник высшего образования РФ  |f 1945-  |g Леонид Петрович  |2 stltpush  |3 (RuTPU)RU\TPU\pers\23187 
801 1 |a RU  |b 63413507  |c 20091230 
801 2 |a RU  |b 63413507  |c 20111226  |g RCR 
942 |c BK